ARRUPE JESUIT UNIVERSITY

CORONAVIRUS -STOP THE SPREAD - CLEAN,DISINFECT,COVER

Short-term dynamic psychotherapy : (Record no. 129343)

MARC details
000 -LEADER
fixed length control field 01080cam a2200337 a 4500
001 - CONTROL NUMBER
control field 3366332
003 - CONTROL NUMBER IDENTIFIER
control field ARRUPE
005 - DATE AND TIME OF LATEST TRANSACTION
control field 20190401103350.0
008 - FIXED-LENGTH DATA ELEMENTS--GENERAL INFORMATION
fixed length control field 870205s1987 nyu b 001 0 eng c
010 ## - LIBRARY OF CONGRESS CONTROL NUMBER
LC control number 87002346
020 ## - INTERNATIONAL STANDARD BOOK NUMBER
International Standard Book Number 0306423413
040 ## - CATALOGING SOURCE
Original cataloging agency DNLM/DLC
Transcribing agency DLC
Modifying agency DLC
050 00 - LIBRARY OF CONGRESS CALL NUMBER
Classification number RC480.55
Item number .S55 1987
060 ## - NATIONAL LIBRARY OF MEDICINE CALL NUMBER
Classification number WM 420 S573sb
082 00 - DEWEY DECIMAL CLASSIFICATION NUMBER
Classification number 616.89/14
Edition number 19
300 ## - PHYSICAL DESCRIPTION
Dimensions 24 cm.
100 1# - MAIN ENTRY--PERSONAL NAME
Personal name Sifneos, Peter E.
Fuller form of name (Peter Emanuel),
Dates associated with a name 1920-
9 (RLIN) 45662
245 10 - TITLE STATEMENT
Title Short-term dynamic psychotherapy :
Remainder of title evaluation and technique /
Statement of responsibility, etc Peter E. Sifneos.
250 ## - EDITION STATEMENT
Edition statement 2nd ed.
260 ## - PUBLICATION, DISTRIBUTION, ETC. (IMPRINT)
Place of publication, distribution, etc New York :
Name of publisher, distributor, etc Plenum Medical Book Co.,
Date of publication, distribution, etc c1987.
300 ## - PHYSICAL DESCRIPTION
Extent xxiii, 324 p. ;
440 #0 - SERIES STATEMENT/ADDED ENTRY--TITLE
Title Topics in general psychiatry
9 (RLIN) 45663
500 ## - GENERAL NOTE
General note Includes index.
504 ## - BIBLIOGRAPHY, ETC. NOTE
Bibliography, etc Bibliography: p. 311-313.
650 #0 - SUBJECT ADDED ENTRY--TOPICAL TERM
Topical term or geographic name as entry element Brief psychotherapy.
9 (RLIN) 45409
650 #0 - SUBJECT ADDED ENTRY--TOPICAL TERM
Topical term or geographic name as entry element Psychoanalysis.
9 (RLIN) 45664
650 #0 - SUBJECT ADDED ENTRY--TOPICAL TERM
Topical term or geographic name as entry element Anxiety.
9 (RLIN) 19141
650 #2 - SUBJECT ADDED ENTRY--TOPICAL TERM
Topical term or geographic name as entry element Anxiety.
9 (RLIN) 19141
650 #2 - SUBJECT ADDED ENTRY--TOPICAL TERM
Topical term or geographic name as entry element Interview, Psychological.
9 (RLIN) 45665
650 #2 - SUBJECT ADDED ENTRY--TOPICAL TERM
Topical term or geographic name as entry element Psychotherapy, Brief.
9 (RLIN) 45666
906 ## - LOCAL DATA ELEMENT F, LDF (RLIN)
a 7
b cbc
c orignew
d 1
e ocip
f 19
g y-gencatlg
942 ## - ADDED ENTRY ELEMENTS (KOHA)
Source of classification or shelving scheme Library of Congress Classification
Koha item type Monograph ( Printed materials)
Holdings
Withdrawn status Lost status Source of classification or shelving scheme Damaged status Not for loan Collection code Home library Current library Shelving location Date acquired Total Checkouts Full call number Barcode Date last seen Price effective from Koha item type
    Library of Congress Classification     Main Collection ARRUPE LIBRARY ARRUPE LIBRARY Main Collection 01/04/2019   RC480.55 .S55 1987 46600004444 01/04/2019 01/04/2019 Monograph ( Printed materials)

 

Arrupe Library. PO Box MP320 Mt Pleasant, Harare, Zimbabwe
263 242 745411|librarian@aju.ac.zw